[Event "COL-chT"]
[Site "Risaralda"]
[Date "2023.11.23"]
[Round "7.4"]
[White "Zea Parra, Luis David"]
[Black "Botello, Gregory Paul"]
[Result "0-1"]
[WhiteElo "1521"]
[BlackElo "1812"]
[PlyCount "106"]
[EventDate "2023.11.19"]
[EventType "team-swiss"]
[EventRounds "7"]
[EventCountry "COL"]
[SourceTitle "CB49_2023"]
[SourceDate "2023.12.06"]
[SourceVersion "1"]
[SourceVersionDate "2023.12.06"]
[SourceQuality "1"]
[WhiteTeam "Choco"]
[BlackTeam "Casanare"]
[WhiteTeamCountry "COL"]
[BlackTeamCountry "COL"]

1. e4 c6 2. d4 d5 3. e5 c5 4. Nf3 Bf5 5. Be3 cxd4 6. Nxd4 Bd7 7. Be2 e6 8. 0-0 Nc6 9. Nxc6 bxc6 10. c3 Ne7 11. Bc5 g6 12. f4 Nf5 13. Bf2 h5 14. Bd3 c5 15. Bxf5 gxf5 16. Nd2 Qc7 17. Bh4 Be7 18. Qe1 Qd8 19. Nf3 Bb5 20. Bxe7 Qxe7 21. Rf2 0-0-0 22. a4 Bd3 23. Rd2 Be4 24. Nh4 Rdg8 25. b4 Rg4 26. Qf2 Qxh4 27. Qxc5+ Kd8 28. Qxa7 Rhg8 29. Qb8+ Ke7 30. Qd6+ Ke8 31. Qb8+ Qd8 32. Qxd8+ Kxd8 33. g3 h4 34. Kf2 hxg3+ 35. hxg3 Rxg3 36. Ra3 Rg2+ 37. Ke1 Rg1+ 38. Kf2 R8g2+ 39. Ke3 Re1+ 40. Kd4 Rxd2+ 41. Kc5 Rc1 42. b5 Rdc2 43. Kb4 Kc7 44. a5 Rb1+ 45. Kc5 d4 46. b6+ Kb7 47. a6+ Ka8 48. b7+ Ka7 49. Kxd4 Rb6 50. Kc5 Rc6+ 51. Kd4 Rd2+ 52. Ke3 Rd3+ 53. Ke2 Rcxc3 0-1

[Event "COL-chT"]
[Site "Santa Marta"]
[Date "2022.11.04"]
[Round "4.2"]
[White "Botello, Gregory Paul"]
[Black "Arias Lopez, Jesus Miguel"]
[Result "1-0"]
[WhiteElo "1857"]
[BlackElo "1164"]
[PlyCount "29"]
[EventDate "2022.11.02"]
[EventType "team-swiss"]
[EventRounds "7"]
[EventCountry "COL"]
[SourceTitle "CBM 211 Extra"]
[Source "ChessBase"]
[SourceDate "2023.01.31"]
[SourceVersion "1"]
[SourceVersionDate "2023.01.31"]
[SourceQuality "1"]
[WhiteTeam "Casanare"]
[BlackTeam "Magdalena VII"]
[WhiteTeamCountry "COL"]
[BlackTeamCountry "COL"]

1. d4 d5 2. Bf4 Nf6 3. e3 a6 4. Bd3 g6 5. Nd2 Bg7 6. Ngf3 Bg4 7. c4 e6 8. Qb3 Bxf3 9. Nxf3 b6 10. Rc1 Nbd7 11. Bg3 0-0 12. cxd5 Nxd5 13. e4 N5f6 14. Bxc7 Qe8 15. Bd6 1-0

[Event "COL-chT Rapid"]
[Site "Santa Marta"]
[Date "2022.11.03"]
[Round "3.2"]
[White "Prasca Sosa, Rafael Felipe"]
[Black "Botello, Gregory Paul"]
[Result "1-0"]
[WhiteElo "2376"]
[BlackElo "1919"]
[PlyCount "73"]
[EventDate "2022.11.02"]
[EventType "team-swiss"]
[EventRounds "7"]
[EventCountry "COL"]
[SourceTitle "CBM 211 Extra"]
[Source "ChessBase"]
[SourceDate "2023.01.31"]
[SourceVersion "1"]
[SourceVersionDate "2023.01.31"]
[SourceQuality "1"]
[WhiteTeam "Risaralda II"]
[BlackTeam "Casanare"]
[WhiteTeamCountry "COL"]
[BlackTeamCountry "COL"]

1. e4 c6 2. d4 d5 3. e5 c5 4. dxc5 e6 5. Nf3 Bxc5 6. Bd3 Nc6 7. 0-0 Nge7 8. a3 a6 9. b4 Ba7 10. Nbd2 b5 11. Nb3 Bb7 12. Re1 Rc8 13. Bg5 Qc7 14. Bh4 Ng6 15. Bg3 0-0 16. h4 Rfe8 17. h5 Nf8 18. h6 g6 19. Qd2 Ne7 20. Qg5 Nf5 21. Bxf5 exf5 22. e6 Qe7 23. exf7+ Qxf7 24. Qd2 Qf6 25. Be5 Qf7 26. Nbd4 Ne6 27. Nxe6 Qxe6 28. Bd4 Bxd4 29. Rxe6 Bxa1 30. Qe1 Rxe6 31. Qxe6+ Kf8 32. Ng5 Rc7 33. Qd6+ Re7 34. Nxh7+ Kf7 35. Ng5+ Kf8 36. g3 Be5 37. Qxg6 1-0

[Event "COL-ch U2000"]
[Site "Pereira"]
[Date "2022.02.19"]
[Round "7"]
[White "Botello, Gregory Paul"]
[Black "Ruiz Jaraba, Valentina Sofia"]
[Result "1-0"]
[WhiteElo "1882"]
[BlackElo "1756"]
[PlyCount "123"]
[EventDate "2022.02.16"]
[EventType "swiss"]
[EventRounds "9"]
[EventCountry "COL"]
[SourceTitle "CBM 207 Extra"]
[Source "ChessBase"]
[SourceDate "2022.05.31"]
[SourceVersion "1"]
[SourceVersionDate "2022.05.31"]
[SourceQuality "1"]

1. d4 d5 2. Bf4 Nf6 3. e3 c5 4. c3 Nc6 5. Nd2 Qb6 6. Qb3 c4 7. Qxb6 axb6 8. a3 b5 9. Rc1 Bf5 10. Ngf3 h6 11. h3 e6 12. Be2 Nd7 13. Bd1 Nb6 14. Bc2 Na4 15. Bxf5 exf5 16. Rc2 Be7 17. g4 fxg4 18. hxg4 Kd7 19. Kd1 f6 20. e4 dxe4 21. Nxe4 Na7 22. Ng3 Rhe8 23. Re1 Bf8 24. Rce2 Rxe2 25. Rxe2 Nc8 26. Nf5 Nab6 27. Bc1 Nd5 28. Kc2 Nd6 29. N3h4 Nxf5 30. Nxf5 g5 31. f3 Ra6 32. Rh2 Re6 33. Kd1 b6 34. Bd2 Kc6 35. Rh1 Kd7 36. Rh3 Kc6 37. Rh2 Kd7 38. Rh1 Kc6 39. Nxh6 Ne3+ 40. Kc1 Ng2 41. Nf5 Bd6 42. Nxd6 Kxd6 43. Kd1 Ne3+ 44. Bxe3 Rxe3 45. Rf1 Kc7 46. Kd2 Re7 47. Re1 Rh7 48. Ke3 Kd6 49. Re2 Kd5 50. Kf2 Rh2+ 51. Kf1 Rh6 52. Kg2 Rh8 53. Re7 Rf8 54. Kg3 Kd6 55. Re2 Kd5 56. f4 gxf4+ 57. Kxf4 Rg8 58. Rh2 Re8 59. Kf5 Rg8 60. Rh5 Kc6 61. Rh6 Kc7 62. Rxf6 1-0

[Event "COL-ch U2000"]
[Site "Pereira"]
[Date "2022.02.18"]
[Round "4"]
[White "Sanchez Bustos, Miguel Angel"]
[Black "Botello, Gregory Paul"]
[Result "0-1"]
[WhiteElo "1682"]
[BlackElo "1882"]
[PlyCount "92"]
[EventDate "2022.02.16"]
[EventType "swiss"]
[EventRounds "9"]
[EventCountry "COL"]
[SourceTitle "CBM 207 Extra"]
[Source "ChessBase"]
[SourceDate "2022.05.31"]
[SourceVersion "1"]
[SourceVersionDate "2022.05.31"]
[SourceQuality "1"]

1. d4 d5 2. Bf4 c5 3. dxc5 Nc6 4. Nf3 Bf5 5. Nd4 Bg6 6. c3 Nf6 7. b4 e6 8. e3 Be7 9. Bb5 Rc8 10. Qa4 Qd7 11. Nd2 Nh5 12. N2f3 f6 13. g4 Nxf4 14. exf4 0-0 15. Qxa7 Rc7 16. Qa4 e5 17. Bxc6 bxc6 18. fxe5 Qxg4 19. 0-0-0 fxe5 20. Qa5 Qf4+ 21. Kb2 exd4 22. Nxd4 Qxf2+ 23. Kb3 Rcc8 24. Rdf1 Qg2 25. Rfg1 Qh3 26. Rg3 Qd7 27. h4 Bf6 28. h5 Bxd4 29. hxg6 h6 30. Qa6 Bf6 31. Qd3 Rce8 32. Rgh3 Re4 33. Qg3 d4 34. Qd3 Qe6+ 35. Qc4 Qxc4+ 36. Kxc4 dxc3+ 37. Kb3 Re2 38. R3h2 Re3 39. Rh3 Re2 40. R3h2 Re6 41. a4 Rb8 42. Rb1 Re4 43. Ka3 Be7 44. Rc2 Rexb4 45. Re1 Bxc5 46. Ka2 Rxa4# 0-1

[Event "COL-ch U2000"]
[Site "Pereira"]
[Date "2022.02.17"]
[Round "3"]
[White "Botello, Gregory Paul"]
[Black "Pinillo Canon, Silvana"]
[Result "1/2-1/2"]
[WhiteElo "1882"]
[BlackElo "1742"]
[PlyCount "78"]
[EventDate "2022.02.16"]
[EventType "swiss"]
[EventRounds "9"]
[EventCountry "COL"]
[SourceTitle "CBM 207 Extra"]
[Source "ChessBase"]
[SourceDate "2022.05.31"]
[SourceVersion "1"]
[SourceVersionDate "2022.05.31"]
[SourceQuality "1"]

1. d4 d5 2. Bf4 Nf6 3. e3 g6 4. Nf3 Bg7 5. Bd3 0-0 6. c3 c5 7. Nbd2 Nc6 8. Ne5 Nd7 9. Nxd7 Bxd7 10. Nf3 Rc8 11. 0-0 Re8 12. Bg5 Qb6 13. Qb3 c4 14. Qxb6 axb6 15. Bc2 Bg4 16. h3 Bxf3 17. gxf3 e5 18. dxe5 Nxe5 19. Kg2 h6 20. Bh4 g5 21. Bg3 Red8 22. Rad1 Nc6 23. Rd2 b5 24. a3 Ne7 25. Rfd1 f5 26. h4 Kf7 27. hxg5 hxg5 28. f4 Bf6 29. fxg5 Bxg5 30. Be5 Bf6 31. Bd4 Ke6 32. Kf3 Rh8 33. Bxf6 Kxf6 34. Rxd5 Nxd5 35. Rxd5 Rh5 36. Rxb5 Rc7 37. Kf4 Rh4+ 38. Kg3 Rg4+ 39. Kf3 Rg5 1/2-1/2

[Event "COL-ch Amateurs U2000"]
[Site "Bogota"]
[Date "2021.06.27"]
[Round "7"]
[White "Botello, Gregory Paul"]
[Black "Hernandez Bermudez, Manuela"]
[Result "1/2-1/2"]
[WhiteElo "1903"]
[BlackElo "1923"]
[PlyCount "73"]
[EventDate "2021.06.23"]
[EventType "swiss"]
[EventRounds "7"]
[EventCountry "COL"]
[SourceTitle "CBM 203 Extra"]
[Source "ChessBase"]
[SourceDate "2021.09.30"]
[SourceVersion "1"]
[SourceVersionDate "2021.09.30"]
[SourceQuality "1"]

1. e4 c5 2. Nf3 d6 3. d4 cxd4 4. Nxd4 Nf6 5. Nc3 g6 6. Bf4 Bg7 7. Qf3 0-0 8. Bg5 Nc6 9. Nxc6 bxc6 10. Bd3 Qb6 11. Rb1 Be6 12. 0-0 Rfe8 13. a3 d5 14. Bxf6 exf6 15. exd5 cxd5 16. Nxd5 Qd8 17. Nf4 Bd7 18. Rfd1 Qc8 19. Re1 f5 20. b3 Qc3 21. Rxe8+ Rxe8 22. Nd5 Qe5 23. Ne3 Bf8 24. Nc4 Qe6 25. a4 Bc6 26. Qf4 Qd5 27. Qg3 f4 28. Qh3 Bc5 29. Nd2 Qd4 30. Rf1 Re1 31. Qh4 h6 32. Rxe1 g5 33. c3 Qxd3 34. Qxh6 Qxd2 35. Qxg5+ Kh7 36. Qh5+ Kg7 37. Qg5+ 1/2-1/2

[Event "COL-ch Amateurs U2000"]
[Site "Bogota"]
[Date "2021.06.26"]
[Round "6"]
[White "Rodriguez Munoz, Cesar Esteban"]
[Black "Botello, Gregory Paul"]
[Result "0-1"]
[WhiteElo "1838"]
[BlackElo "1903"]
[PlyCount "67"]
[EventDate "2021.06.23"]
[EventType "swiss"]
[EventRounds "7"]
[EventCountry "COL"]
[SourceTitle "CBM 203 Extra"]
[Source "ChessBase"]
[SourceDate "2021.09.30"]
[SourceVersion "1"]
[SourceVersionDate "2021.09.30"]
[SourceQuality "1"]

1. e4 c6 2. d4 d5 3. Nc3 dxe4 4. Nxe4 Nd7 5. Nf3 Ngf6 6. Ng3 Qc7 7. Bd3 e6 8. 0-0 Be7 9. Re1 0-0 10. c3 b6 11. Qc2 Bb7 12. Ne5 Rfd8 13. Bf4 Qc8 14. Rad1 c5 15. Nxd7 Rxd7 16. dxc5 Qc6 17. f3 Qxc5+ 18. Kh1 Rad8 19. Be3 Qc7 20. Bd4 h6 21. Be5 Qc5 22. Bd4 Qc7 23. Be5 Qc5 24. Bd4 Qc6 25. Qb3 Qc7 26. Re2 Nd5 27. Nh5 g6 28. Be5 Qc5 29. Bd4 Qc8 30. Ng3 Nf4 31. Qc2 Nxd3 32. Rxd3 Ba6 33. Rdd2 Bxe2 34. Rxe2 0-1

[Event "COL-ch Amateurs U2000"]
[Site "Bogota"]
[Date "2021.06.24"]
[Round "2"]
[White "Botello, Gregory Paul"]
[Black "Mena Ardila, Alexander"]
[Result "1/2-1/2"]
[WhiteElo "1903"]
[BlackElo "1952"]
[PlyCount "29"]
[EventDate "2021.06.23"]
[EventType "swiss"]
[EventRounds "7"]
[EventCountry "COL"]
[SourceTitle "CBM 203 Extra"]
[Source "ChessBase"]
[SourceDate "2021.09.30"]
[SourceVersion "1"]
[SourceVersionDate "2021.09.30"]
[SourceQuality "1"]

1. d4 d5 2. Bf4 Nf6 3. e3 c6 4. c4 Bf5 5. Nc3 e6 6. Qb3 Qb6 7. c5 Qxb3 8. axb3 Nbd7 9. b4 Nh5 10. Be5 f6 11. Bc7 Rc8 12. Bd6 Bxd6 13. cxd6 b5 14. Rxa7 Rb8 15. Be2 1/2-1/2

[Event "COL-ch Amateur U2000"]
[Site "Bogota"]
[Date "2018.02.17"]
[Round "5.10"]
[White "Duque, Arnel Alberto"]
[Black "Botello, Gregory Paul"]
[Result "1/2-1/2"]
[WhiteElo "1827"]
[BlackElo "1915"]
[PlyCount "74"]
[EventDate "2018.02.15"]
[EventType "swiss"]
[EventRounds "7"]
[EventCountry "COL"]
[SourceTitle "EXT 2024"]
[Source "ChessBase"]
[SourceDate "2023.10.10"]
[SourceVersion "1"]
[SourceVersionDate "2023.10.10"]
[SourceQuality "1"]

1. e4 e6 2. d4 d5 3. e5 c5 4. c3 Nc6 5. Be3 Qb6 6. Qd2 cxd4 7. cxd4 Nge7 8. Nf3 Nf5 9. Bd3 Nxe3 10. fxe3 g6 11. Nc3 Bh6 12. Qf2 0-0 13. h4 Qd8 14. h5 Bg7 15. hxg6 fxg6 16. Qg3 Ne7 17. Nh4 Bd7 18. 0-0-0 Rf7 19. Ne2 Qa5 20. Kb1 Bb5 21. Bxb5 Qxb5 22. Nf4 Qb6 23. Nf3 Nf5 24. Qh3 Bh6 25. Rd3 Bxf4 26. exf4 h5 27. g4 Ng7 28. Ng5 Rxf4 29. gxh5 gxh5 30. Rg1 Kh8 31. Nf3 Raf8 32. Nh4 Rf2 33. Rb3 Qxd4 34. Ng6+ Kg8 35. Nxf8 Rxb2+ 36. Rxb2 Qxg1+ 37. Kc2 Qf2+ 1/2-1/2

[Event "COL-ch Amateur U2000"]
[Site "Bogota"]
[Date "2018.02.16"]
[Round "2.14"]
[White "Mora Suarez, Juan Felipe"]
[Black "Botello, Gregory Paul"]
[Result "0-1"]
[WhiteElo "1792"]
[BlackElo "1915"]
[PlyCount "88"]
[EventDate "2018.02.15"]
[EventType "swiss"]
[EventRounds "7"]
[EventCountry "COL"]
[SourceTitle "EXT 2024"]
[Source "ChessBase"]
[SourceDate "2023.10.10"]
[SourceVersion "1"]
[SourceVersionDate "2023.10.10"]
[SourceQuality "1"]

1. d4 Nf6 2. Bg5 e6 3. e4 d5 4. Nd2 Be7 5. e5 Nfd7 6. Bxe7 Qxe7 7. Bd3 c5 8. c3 Nc6 9. Qg4 f5 10. exf6 Nxf6 11. Qh4 cxd4 12. Bg6+ Kf8 13. cxd4 Nd7 14. Qf4+ Qf6 15. Qd6+ Kg8 16. Bd3 Nxd4 17. Ngf3 Nc6 18. 0-0 Nce5 19. Bb5 Nf7 20. Qc7 Nf8 21. Be8 Ng6 22. Rfe1 h6 23. Nb3 Qe7 24. Qg3 Kh7 25. Bb5 Ng5 26. Bd3 Nxf3+ 27. Qxf3 Rf8 28. Qxd5 Qf6 29. Qh5 Qg5 30. Qxg5 hxg5 31. Nc5 Re8 32. Re3 b6 33. Ne4 Kg8 34. Nd6 Rd8 35. Nxc8 Nf4 36. Ba6 Raxc8 37. Bxc8 Rxc8 38. g3 Nh3+ 39. Kg2 g4 40. Rae1 Ng5 41. Rc3 Rd8 42. Rc2 Rd3 43. Re5 Nf3 44. Rxe6 Rd1 0-1

[Event "COL-ch Amateur U2000"]
[Site "Bogota"]
[Date "2017.03.04"]
[Round "5"]
[White "Aguilar, Hernando"]
[Black "Botello, Gregory Paul"]
[Result "1-0"]
[WhiteElo "1880"]
[BlackElo "1914"]
[PlyCount "25"]
[EventDate "2017.03.02"]
[EventType "swiss"]
[EventRounds "7"]
[EventCountry "COL"]
[SourceTitle "CBM 177 Extra"]
[Source "ChessBase"]
[SourceDate "2017.04.27"]
[SourceVersion "1"]
[SourceVersionDate "2017.04.27"]
[SourceQuality "1"]

1. e4 e6 2. d4 d5 3. Nd2 dxe4 4. Nxe4 Nd7 5. Nf3 Ngf6 6. Bg5 Be7 7. Nxf6+ Nxf6 8. c3 0-0 9. Bd3 h6 10. Bh4 b6 11. Qc2 Bb7 12. 0-0-0 Qd5 13. Kb1 1-0

[Event "Mosquera op"]
[Site "Mosquera"]
[Date "2014.11.02"]
[Round "6"]
[White "Botello, Gregory Paul"]
[Black "Becerra, Juan David"]
[Result "0-1"]
[WhiteElo "1935"]
[BlackElo "2155"]
[PlyCount "79"]
[EventDate "2014.10.30"]
[EventType "swiss"]
[EventRounds "9"]
[EventCountry "COL"]
[SourceTitle "EXT 2015"]
[Source "ChessBase"]
[SourceDate "2014.11.20"]
[SourceVersion "1"]
[SourceVersionDate "2014.11.20"]
[SourceQuality "1"]

1. d4 d5 2. Nf3 Nf6 3. Bf4 c5 4. e3 Nc6 5. Nbd2 c4 6. c3 Bf5 7. Nh4 Bg4 8. Be2 Bxe2 9. Qxe2 e6 10. Nhf3 Nh5 11. Bg5 Qc7 12. e4 h6 13. exd5 hxg5 14. dxc6 b5 15. g3 Qxc6 16. Qe4 Qxe4+ 17. Nxe4 f6 18. 0-0-0 Be7 19. d5 e5 20. d6 Bd8 21. Rd5 a6 22. d7+ Ke7 23. Rhd1 Bc7 24. a4 Rhb8 25. Rc5 Rb7 26. Rc6 Bd8 27. Nc5 Rc7 28. Re6+ Kf7 29. Rxa6 Rxa6 30. Nxa6 Rb7 31. a5 Ra7 32. Nb4 Rxa5 33. Kc2 Ke6 34. Rd5 g4 35. Nd2 Ra7 36. Ne4 Rc7 37. Rd6+ Kf5 38. Nd2 Ra7 39. Nc6 Ra8 40. Nf1 0-1

[Event "Mosquera op"]
[Site "Mosquera"]
[Date "2014.10.31"]
[Round "3"]
[White "Manuel Mestras, Nelson"]
[Black "Botello, Gregory Paul"]
[Result "0-1"]
[WhiteElo "1674"]
[BlackElo "1935"]
[PlyCount "120"]
[EventDate "2014.10.30"]
[EventType "swiss"]
[EventRounds "9"]
[EventCountry "COL"]
[SourceTitle "EXT 2015"]
[Source "ChessBase"]
[SourceDate "2014.11.20"]
[SourceVersion "1"]
[SourceVersionDate "2014.11.20"]
[SourceQuality "1"]

1. e4 e5 2. Nf3 Nc6 3. Bb5 a6 4. Bxc6 dxc6 5. 0-0 Bg4 6. d3 Bc5 7. Be3 Qe7 8. Nbd2 0-0-0 9. Qe1 f6 10. h3 Bh5 11. a3 g5 12. Nh2 Bf7 13. b4 Bd4 14. Bxd4 Rxd4 15. Nhf3 Rd7 16. Qe2 h5 17. Nh2 Be6 18. f3 Nh6 19. Nc4 Bxc4 20. dxc4 Rd4 21. c3 Rd7 22. Rfd1 Rhd8 23. Nf1 Qe6 24. Ne3 Nf7 25. a4 Rxd1+ 26. Rxd1 Rxd1+ 27. Nxd1 c5 28. Ne3 cxb4 29. cxb4 Qd6 30. Nd5 c5 31. b5 Nd8 32. Qd2 b6 33. bxa6 Kb8 34. Qb2 Ka7 35. Qb5 h4 36. a5 bxa5 37. Qxa5 Ne6 38. Qb5 Nd8 39. Qa5 Ne6 40. Nc3 Qxa6 41. Qxa6+ Kxa6 42. Nd5 Ka5 43. Nxf6 Kb4 44. Ng4 Kxc4 45. Nxe5+ Kd4 46. Nc6+ Kd3 47. Kf2 c4 48. Ne5+ Kd4 49. Nxc4 Kxc4 50. g3 Kd4 51. gxh4 gxh4 52. Ke2 Nf4+ 53. Kf2 Ke5 54. Kg1 Nxh3+ 55. Kh2 Nf4 56. Kg1 Ng6 57. Kg2 Kf4 58. Kh3 Kxf3 59. e5 Kf4 60. e6 Kg5 0-1

[Event "COL-ch Amateur"]
[Site "Colombia"]
[Date "2014.03.14"]
[Round "5"]
[White "Rico Hernandez, Edgar"]
[Black "Botello, Gregory Paul"]
[Result "1/2-1/2"]
[WhiteElo "1881"]
[BlackElo "1961"]
[PlyCount "42"]
[EventDate "2014.03.12"]
[EventType "swiss"]
[EventRounds "9"]
[EventCountry "COL"]
[SourceTitle "CBM 159 Extra"]
[Source "ChessBase"]
[SourceDate "2014.04.24"]
[SourceVersion "1"]
[SourceVersionDate "2014.04.24"]
[SourceQuality "1"]

1. d4 d5 2. c4 c6 3. Nf3 Nf6 4. e3 e6 5. Nc3 Bd6 6. Bd3 Nbd7 7. Qc2 0-0 8. 0-0 Re8 9. Rd1 h6 10. h3 a6 11. Bd2 e5 12. cxd5 cxd5 13. dxe5 Nxe5 14. Be2 Be6 15. Be1 Qc7 16. Rac1 Rac8 17. Qb1 Qb8 18. Nxe5 Bxe5 19. Bf3 Red8 20. Ne2 Rxc1 21. Rxc1 Rc8 1/2-1/2

[Event "COL-ch Amateur"]
[Site "Colombia"]
[Date "2014.03.13"]
[Round "3"]
[White "Cordoba Rodriguez, Milton Dennis"]
[Black "Botello, Gregory Paul"]
[Result "1-0"]
[WhiteElo "1939"]
[BlackElo "1961"]
[PlyCount "47"]
[EventDate "2014.03.12"]
[EventType "swiss"]
[EventRounds "9"]
[EventCountry "COL"]
[SourceTitle "CBM 159 Extra"]
[Source "ChessBase"]
[SourceDate "2014.04.24"]
[SourceVersion "1"]
[SourceVersionDate "2014.04.24"]
[SourceQuality "1"]

1. e4 e5 2. Nf3 Nc6 3. Bb5 a6 4. Ba4 Nf6 5. d3 b5 6. Bb3 d6 7. Nc3 Be7 8. Nd5 Nxd5 9. Bxd5 Bb7 10. 0-0 0-0 11. a4 Qd7 12. Bd2 Rab8 13. b3 Nd8 14. Bxb7 Rxb7 15. axb5 axb5 16. Ra8 f5 17. Qe1 c5 18. exf5 Qxf5 19. Qe4 Qxe4 20. dxe4 Ne6 21. Rfa1 Rxa8 22. Rxa8+ Kf7 23. Kf1 h6 24. Ke2 1-0

[Event "COL-ch Amateur"]
[Site "Colombia"]
[Date "2014.03.12"]
[Round "2"]
[White "Botello, Gregory Paul"]
[Black "Parada Medina, Julian Fernando"]
[Result "1-0"]
[WhiteElo "1961"]
[BlackElo "1681"]
[PlyCount "41"]
[EventDate "2014.03.12"]
[EventType "swiss"]
[EventRounds "9"]
[EventCountry "COL"]
[SourceTitle "CBM 159 Extra"]
[Source "ChessBase"]
[SourceDate "2014.04.24"]
[SourceVersion "1"]
[SourceVersionDate "2014.04.24"]
[SourceQuality "1"]

1. e4 e6 2. d4 g6 3. Be3 Bg7 4. Nc3 Ne7 5. Qd2 d5 6. 0-0-0 c5 7. dxc5 Qa5 8. Nge2 Nbc6 9. exd5 exd5 10. Nd4 0-0 11. Nb3 Bxc3 12. Nxa5 Bxd2+ 13. Bxd2 Nxa5 14. Bxa5 b6 15. cxb6 axb6 16. Bb4 Re8 17. Bb5 Bb7 18. Bxe8 Rxe8 19. Rhe1 Kf8 20. Rxe7 Rxe7 21. Re1 1-0

[Event "COL-ch Amateur"]
[Site "Colombia"]
[Date "2014.03.12"]
[Round "1"]
[White "Torres, Carlos"]
[Black "Botello, Gregory Paul"]
[Result "1/2-1/2"]
[WhiteElo "1709"]
[BlackElo "1961"]
[PlyCount "41"]
[EventDate "2014.03.12"]
[EventType "swiss"]
[EventRounds "9"]
[EventCountry "COL"]
[SourceTitle "CBM 159 Extra"]
[Source "ChessBase"]
[SourceDate "2014.04.24"]
[SourceVersion "1"]
[SourceVersionDate "2014.04.24"]
[SourceQuality "1"]

1. Nf3 d5 2. b3 Bf5 3. Bb2 e6 4. e3 Nf6 5. Nc3 a6 6. d4 c5 7. Bd3 Bg4 8. h3 Bh5 9. g4 Bg6 10. Ne5 Bxd3 11. Qxd3 cxd4 12. exd4 Nbd7 13. Nxd7 Qxd7 14. 0-0-0 Rc8 15. g5 Nh5 16. Ne2 b5 17. f4 g6 18. Rhf1 Bd6 19. Kb1 0-0 20. Qe3 Qc7 21. Rc1 1/2-1/2

[Event "COL-ch sf"]
[Site "Medellin"]
[Date "2014.??.??"]
[Round "11"]
[White "Botello, Gregory Paul"]
[Black "Ruiz Agudelo, Santiago"]
[Result "1-0"]
[WhiteElo "1961"]
[BlackElo "1730"]
[PlyCount "43"]
[EventDate "2014.04.15"]
[EventType "swiss"]
[EventRounds "11"]
[EventCountry "COL"]
[SourceTitle "CBM 160 Extra"]
[Source "ChessBase"]
[SourceDate "2014.07.01"]
[SourceVersion "1"]
[SourceVersionDate "2014.07.01"]
[SourceQuality "1"]

1. d4 d5 2. c4 c6 3. Nf3 Nf6 4. e3 e6 5. Nc3 Nbd7 6. b3 Bd6 7. Bd3 0-0 8. 0-0 a6 9. Bb2 Re8 10. e4 dxe4 11. Nxe4 Nxe4 12. Bxe4 Nf6 13. Bc2 Bc7 14. Qd3 h6 15. Rfe1 g6 16. Rad1 b5 17. h3 Bb7 18. Qe3 Kg7 19. Ne5 Bb6 20. Qg3 Bc7 21. Bxg6 Bxe5 22. dxe5 1-0

[Event "COL-ch sf"]
[Site "Medellin"]
[Date "2014.??.??"]
[Round "3"]
[White "Botello, Gregory Paul"]
[Black "Uribe Valencia, Victor Alexis"]
[Result "0-1"]
[WhiteElo "1961"]
[BlackElo "1793"]
[PlyCount "71"]
[EventDate "2014.04.15"]
[EventType "swiss"]
[EventRounds "11"]
[EventCountry "COL"]
[SourceTitle "CBM 160 Extra"]
[Source "ChessBase"]
[SourceDate "2014.07.01"]
[SourceVersion "1"]
[SourceVersionDate "2014.07.01"]
[SourceQuality "1"]

1. e4 c5 2. Nf3 Nc6 3. d4 cxd4 4. Nxd4 Nf6 5. Nc3 e5 6. Ndb5 d6 7. Nd5 Nxd5 8. exd5 Nb8 9. c4 Be7 10. g3 0-0 11. Bg2 a6 12. Nc3 Nd7 13. 0-0 f5 14. Kh1 Bf6 15. Qc2 e4 16. Bf4 Be5 17. Qd2 Bxf4 18. gxf4 Qh4 19. Qe3 Rf6 20. Qg3 Rh6 21. Rae1 Nc5 22. Qxh4 Rxh4 23. f3 Nd3 24. Rb1 e3 25. Ne2 Bd7 26. Kg1 Re8 27. b3 Nxf4 28. Nxf4 Rxf4 29. Rfe1 Rd4 30. Rbd1 Rxd1 31. Rxd1 f4 32. Rc1 Re5 33. Kf1 Rh5 34. h3 a5 35. Ke2 b6 36. a3 0-1

[Event "COL-ch sf"]
[Site "Medellin"]
[Date "2014.??.??"]
[Round "4"]
[White "Florez Castro, Estiven"]
[Black "Botello, Gregory Paul"]
[Result "1/2-1/2"]
[WhiteElo "1599"]
[BlackElo "1961"]
[PlyCount "106"]
[EventDate "2014.04.15"]
[EventType "swiss"]
[EventRounds "11"]
[EventCountry "COL"]
[SourceTitle "CBM 160 Extra"]
[Source "ChessBase"]
[SourceDate "2014.07.01"]
[SourceVersion "1"]
[SourceVersionDate "2014.07.01"]
[SourceQuality "1"]

1. d4 d5 2. Nf3 c6 3. e3 Nf6 4. c4 Bg4 5. Be2 e6 6. Nbd2 Bd6 7. Qb3 Qc8 8. 0-0 0-0 9. h3 Bh5 10. Re1 Nbd7 11. Nf1 Ne4 12. N3d2 Bxe2 13. Nxe4 dxe4 14. Rxe2 c5 15. Qc2 f5 16. b3 Qc7 17. Bb2 cxd4 18. Bxd4 Rac8 19. Rd1 e5 20. Bxa7 b6 21. Red2 Rf6 22. b4 Nf8 23. Qb3 Kh8 24. c5 bxc5 25. Bxc5 Bxc5 26. bxc5 Qxc5 27. Rd5 Qc7 28. a4 Ra6 29. Rb5 Ra5 30. Rb7 Qc6 31. Qf7 Qg6 32. Qb3 Qc6 33. Rb5 Qc7 34. Rxa5 Qxa5 35. Qb5 Ra8 36. Qxa5 Rxa5 37. Ra1 Nd7 38. Nd2 Nc5 39. Rb1 Kg8 40. Rb5 Rxb5 41. axb5 Kf7 42. Nc4 Ke6 43. Kf1 Nb7 44. Ke2 Nd6 45. b6 Nb7 46. Kd2 Kd5 47. Kc3 Kc5 48. Nxe5 Kxb6 49. Nd7+ Kc6 50. Nf8 h6 51. Ne6 g6 52. Nf8 g5 53. Ne6 Kd5 1/2-1/2

[Event "COL-ch sf"]
[Site "Medellin"]
[Date "2014.??.??"]
[Round "6"]
[White "Restrepo, Hugo"]
[Black "Botello, Gregory Paul"]
[Result "0-1"]
[WhiteElo "1711"]
[BlackElo "1961"]
[PlyCount "68"]
[EventDate "2014.04.15"]
[EventType "swiss"]
[EventRounds "11"]
[EventCountry "COL"]
[SourceTitle "CBM 160 Extra"]
[Source "ChessBase"]
[SourceDate "2014.07.01"]
[SourceVersion "1"]
[SourceVersionDate "2014.07.01"]
[SourceQuality "1"]

1. e4 e5 2. Nf3 Nc6 3. Bb5 a6 4. Ba4 Nf6 5. 0-0 Be7 6. Re1 b5 7. Bb3 0-0 8. a4 b4 9. d3 d6 10. Nbd2 Bg4 11. c3 Rb8 12. h3 Bh5 13. Nf1 Qd7 14. Bc2 b3 15. Bb1 d5 16. Ng3 Bg6 17. exd5 Qxd5 18. Nh4 Bc5 19. Nhf5 Rbd8 20. Bg5 e4 21. Bxf6 gxf6 22. Ne3 Bxe3 23. Rxe3 exd3 24. h4 h5 25. c4 Qxc4 26. Nxh5 Qxh4 27. Rh3 Bxh5 28. Qxb3 Qb4 29. Qxb4 Nxb4 30. Bxd3 Rxd3 31. Rxh5 Rfd8 32. Ra3 Rxa3 33. bxa3 Rd5 34. Rh3 Nd3 0-1